000 00588nam a2200193Ia 4500
003 PILC
005 20160316094542.0
008 140321s9999 xx 000 0 und d
020 _a9780415535793
050 _aD 20
_b.V312 2013
100 _aVanhaute, Eric.
245 _aWorld history :
_ban introduction /
_cEric Vanhaute ; translated by Linda Weix.
260 _aNew York :
_bRoutledge,
_c2013.
300 _a182 pages :
_c24 cm.
_billustrations ;
500 _aIncludes bibliographical references and index.
650 _aWorld history.
942 _kFOR
_cBK
_2lcc
999 _c48526
_d48526